Destiny - Monstres - Statistiques

Statistiques générales
  • Ce quiz a été pris 112 fois
  • Le résultat moyen est 16 sur 22
Statistiques - réponses
Par images Réponse % Correct
Chevalier
92%
Esclave
90%
Ogre
90%
Capitaine
88%
Psion
81%
Prêtresse
78%
Hydre
77%
Minotaure
77%
Acolyte
76%
Vigie
76%
Serviteur
75%
Vandale
74%
Collecteur
72%
Rébut
70%
Harpie
69%
Gobelin
67%
Légionnaire
65%
Phalange
65%
Centurion
61%
Cyclope
57%
Colosse
55%
Hobgobelin
51%
Aucun quiz correspondant
Distribution des résultats
% des personnes avec chaque résultat
Percentile par nombre de réponses
Votre historique - résultats
Vous n’avez pas pris ce quiz